<?xml version="1.0" encoding="UTF-8"?>
<record
    xmlns:xsi="http://www.w3.org/2001/XMLSchema-instance"
    xsi:schemaLocation="http://www.loc.gov/MARC21/slim http://www.loc.gov/standards/marcxml/schema/MARC21slim.xsd"
    xmlns="http://www.loc.gov/MARC21/slim">

  <leader>01041cam a22002891a 4500</leader>
  <controlfield tag="001">agr40000405 </controlfield>
  <controlfield tag="003">DLC</controlfield>
  <controlfield tag="005">20260227110959.0</controlfield>
  <controlfield tag="008">861106s1940    dcua         f000 0 eng c</controlfield>
  <datafield tag="010" ind1=" " ind2=" ">
    <subfield code="a">agr40000405 </subfield>
  </datafield>
  <datafield tag="035" ind1=" " ind2=" ">
    <subfield code="a">(OCoLC)14645508</subfield>
  </datafield>
  <datafield tag="040" ind1=" " ind2=" ">
    <subfield code="a">U.S. Dept. of Agr. Library</subfield>
    <subfield code="c">NBuB</subfield>
    <subfield code="d">NBuB</subfield>
    <subfield code="d">DNAL</subfield>
    <subfield code="d">DLC</subfield>
  </datafield>
  <datafield tag="042" ind1=" " ind2=" ">
    <subfield code="a">premarc</subfield>
  </datafield>
  <datafield tag="050" ind1="0" ind2="0">
    <subfield code="a">QL568.I2</subfield>
    <subfield code="b">C8</subfield>
  </datafield>
  <datafield tag="070" ind1="0" ind2=" ">
    <subfield code="a">1</subfield>
    <subfield code="b">Ag84M no.354</subfield>
  </datafield>
  <datafield tag="072" ind1="0" ind2=" ">
    <subfield code="a">L821</subfield>
    <subfield code="a">L001</subfield>
  </datafield>
  <datafield tag="082" ind1=" " ind2=" ">
    <subfield code="a">595.793</subfield>
  </datafield>
  <datafield tag="100" ind1="1" ind2=" ">
    <subfield code="a">Cushman, R. A.</subfield>
    <subfield code="q">(Robert Asa),</subfield>
    <subfield code="d">1880-</subfield>
  </datafield>
  <datafield tag="245" ind1="1" ind2="2">
    <subfield code="a">A review of the parasitic wasps of the ichneumonid genus Exenterus Hartig /</subfield>
    <subfield code="c">by R.A. Cushman.</subfield>
  </datafield>
  <datafield tag="260" ind1=" " ind2=" ">
    <subfield code="a">Washington, D.C. :</subfield>
    <subfield code="b">U.S. Dept. of Agriculture,</subfield>
    <subfield code="c">1940.</subfield>
  </datafield>
  <datafield tag="300" ind1=" " ind2=" ">
    <subfield code="a">15 p. :</subfield>
    <subfield code="b">ill. ;</subfield>
    <subfield code="c">23 cm.</subfield>
  </datafield>
  <datafield tag="490" ind1="1" ind2=" ">
    <subfield code="a">Miscellaneous publication / United States Department of Agriculture ;</subfield>
    <subfield code="v">no. 354</subfield>
  </datafield>
  <datafield tag="500" ind1=" " ind2=" ">
    <subfield code="a">Caption title.</subfield>
  </datafield>
  <datafield tag="500" ind1=" " ind2=" ">
    <subfield code="a">Contribution from Bureau of Entomology and Plant Quarantine.</subfield>
  </datafield>
  <datafield tag="650" ind1=" " ind2="0">
    <subfield code="a">Exenterus.</subfield>
  </datafield>
  <datafield tag="830" ind1=" " ind2="0">
    <subfield code="a">Miscellaneous publication (United States. Department of Agriculture) ;</subfield>
    <subfield code="v">no. 354.</subfield>
  </datafield>
  <datafield tag="999" ind1=" " ind2=" ">
    <subfield code="c">10040</subfield>
    <subfield code="d">10040</subfield>
  </datafield>
</record>
